00298nam a2200109 a 450000500170000000800410001705000230005810000090008124500680009026000100015830000200016820140311163005.0040710s19uu xx 00 eng d aHV 45 b.N277 1983 aNTTC aDeveloping work groups for primary health care :bCH14 /cNTTC. c1983. a51 p. :c22 cm.